School of Rock Quiz Stats

Quiz not verified by Sporcle

Also try: Click a Joe
Challenge
Share
Tweet
Embed
Score 0/30 Timer 03:00
0 Plays Today
% Correct
'Singing lead vocal'
89.8%
'Shredding guitar'
82.4%
Drums
82.4%
Back-up vocals
81.8%
Band stylist
80.2%
Fancy Pants
79.1%
Keyboard
71.7%
Bass guitar
69%
Mr Cool
67.4%
Brace Face
65.2%
Band manager
65.2%
Spazzy McGee
64.7%
Back-up vocals
63.6%
Back-up vocals
63.1%
Security
58.3%
% Correct
Lead guitar
58.3%
Turkey Sub
55.6%
Posh Spice
55.1%
Zack Attack
51.3%
Groupie
49.7%
Blondie
49.7%
Roadie
44.4%
Carrot Top
44.4%
Groupie
44.4%
Security
43.3%
Tough Guy
42.2%
Roadrunner
41.2%
Roadie
39.6%
Shortstop
33.2%
Tinker Bell
24.6%

You're not logged in!

Compare scores with friends on all Sporcle quizzes.
Sign Up with Email
OR
Log In

You Might Also Like...

Show Comments

Extras

Top Quizzes Today


Score Distribution

Your Account Isn't Verified!

In order to create a playlist on Sporcle, you need to verify the email address you used during registration. Go to your Sporcle Settings to finish the process.